| 000 | 00832nmm a2200265 a 4500 | ||
|---|---|---|---|
| 001 | ocm0001162378 | ||
| 003 | TR-IsHL | ||
| 005 | 20201028154246.0 | ||
| 008 | 150709s2007 tu tur | ||
| 007 | cr cn | ||
| 020 | _a9789944313407 | ||
| 035 |
_a1162378 _b(N$T) |
||
| 050 | 0 | 4 |
_aPL248.Y878 _bS89 2007 |
| 090 | 0 | 4 |
_aPL248.Y878 _bS89 2007 |
| 100 | 1 | _aYurtsever, Zeynep | |
| 245 | 1 | 0 |
_aSuyun gözyaşları: şiirler _h[electronic resource] / _cZeynep Yurtsever |
| 260 |
_aİstanbul : _bYalın Yayıncılık, _c2007 |
||
| 300 | _a109 p. | ||
| 650 | 4 | _aDil ve Edebiyat | |
| 650 | 4 | _aLanguage and Literature | |
| 650 | 0 | _aTürk şiiri | |
| 650 | 0 | _aTurkish poetry | |
| 650 | 7 |
_aPOETRY / Middle Eastern _2bisacsh |
|
| 856 | 4 | 0 | _uhttp://search.ebscohost.com/login.aspx?direct=true&scope=site&db=e011xww&AN=1162378 |
| 999 |
_c12482 _d12482 |
||